000 01386nam a22003017a 4500
001 9286
003 FISKH
005 20251209101039.0
008 251209b cb ||||| |||| 00| 0 eng d
020 _a9781575421766
040 _aFISKH
_beng
_cFISKH
_dFISKH
050 _aBF637.I48 M45
082 _a158.2
100 _aMeiners, Cheri J.
_eAuthor
245 _aTalk and work it out /
_cCheri J. Meiners, M.Ed. ; Illustrated by Meredith Johnson
260 _aMinneapolis :
_bFree Spirit Publishing Inc. ,
_c2005
300 _a31 pages :
_bcolor illustrations ;
_c20 cm
490 _aLearning to get along :
505 _aH
520 _aWhat's the best way to solve problems between people? By talking them over and working them out. It's never too soon for children to learn the process of peaceful conflict resolution. This book distills it into clear, simple language and supporting illustrations. Children learn to calm themselves, state the problem, listen, think of solutions, try one, evaluate results, and even agree to disagree when a solution isn't possible. Includes skill-building games and role plays for adults to use with children.
521 8 _a510
_bLexile AD
521 8 _aH
_bRaz-Plus
650 _aConflict resolution
_vEmotions
650 _aBehavior
_vFriendship
700 _aJohnson, Meredith
_eAuthor
942 _2ddc
_cBK
_n0
999 _c9286
_d9286